[Event "DEM U12 2023"]
[Site "Willingen GER"]
[Date "2023.06.02"]
[Round "8"]
[White "Shen, Tingrui"]
[Black "Nezhyvenko, Mykhaylo"]
[Result "1/2-1/2"]
[Termination "normal"]
[Board "2"]
[WhiteElo "1801"]
[BlackElo "1787"]
[WhiteClock "00:22:54"]
[BlackClock "01:08:37"]
[PlyCount "64"]
[WhiteFideId "34603441"]
[BlackFideId "34139885"]
[EventCountry "GER"]
[EventRounds "9"]
[EventType "swiss"]
[EventDate "2023.05.27"]

1. e4 {[%clk 01:30:48]} {[%emt 00:00:11]} c6 {[%clk 01:30:55]} {[%emt
00:00:06]} 2. d4 {[%clk 01:30:36]} {[%emt 00:00:42]} d5 {[%clk 01:31:17]}
{[%emt 00:00:08]} 3. exd5 {[%clk 01:30:33]} {[%emt 00:00:33]} cxd5 {[%clk
01:31:46]} {[%emt 00:00:01]} 4. Nf3 {[%clk 01:30:15]} {[%emt 00:00:48]} Nc6
{[%clk 01:31:56]} {[%emt 00:00:20]} 5. c3 {[%clk 01:30:10]} {[%emt 00:00:35]}
Nf6 {[%clk 01:32:18]} {[%emt 00:00:07]} 6. Ne5 {[%clk 01:29:53]} {[%emt
00:00:48]} Qc7 {[%clk 01:28:57]} {[%emt 00:03:51]} 7. Bf4 {[%clk 01:29:19]}
{[%emt 00:01:03]} Qb6 {[%clk 01:29:15]} {[%emt 00:00:14]} 8. Qb3 {[%clk
01:25:42]} {[%emt 00:04:06]} Qxb3 {[%clk 01:28:28]} {[%emt 00:01:18]} 9. axb3
{[%clk 01:25:15]} {[%emt 00:00:56]} Nxe5 {[%clk 01:28:36]} {[%emt 00:00:22]}
10. dxe5 {[%clk 01:15:56]} {[%emt 00:09:49]} Nd7 {[%clk 01:27:20]} {[%emt
00:01:46]} 11. Nd2 {[%clk 01:09:33]} {[%emt 00:06:53]} f6 {[%clk 01:23:42]}
{[%emt 00:04:09]} 12. Bb5 {[%clk 01:02:05]} {[%emt 00:07:57]} Kf7 {[%clk
01:22:23]} {[%emt 00:01:49]} 13. Nf3 {[%clk 00:54:08]} {[%emt 00:08:27]} g5
{[%clk 01:20:40]} {[%emt 00:02:13]} 14. Bg3 {[%clk 00:44:57]} {[%emt 00:09:40]}
g4 {[%clk 01:19:42]} {[%emt 00:01:29]} 15. Bxd7 {[%clk 00:44:14]} {[%emt
00:01:13]} Bxd7 {[%clk 01:20:08]} {[%emt 00:00:02]} 16. Nd4 {[%clk 00:44:01]}
{[%emt 00:00:44]} Bg7 {[%clk 01:14:24]} {[%emt 00:06:14]} 17. f4 {[%clk
00:42:45]} {[%emt 00:01:46]} h5 {[%clk 01:14:37]} {[%emt 00:00:18]} 18. O-O
{[%clk 00:41:26]} {[%emt 00:01:48]} h4 {[%clk 01:14:18]} {[%emt 00:00:49]} 19.
Bf2 {[%clk 00:40:27]} {[%emt 00:01:29]} e6 {[%clk 01:11:39]} {[%emt 00:03:10]}
20. Rae1 {[%clk 00:36:26]} {[%emt 00:04:31]} f5 {[%clk 01:08:49]} {[%emt
00:03:21]} 21. Be3 {[%clk 00:35:35]} {[%emt 00:01:19]} h3 {[%clk 01:07:40]}
{[%emt 00:01:40]} 22. g3 {[%clk 00:35:46]} {[%emt 00:00:19]} Rhc8 {[%clk
01:08:03]} {[%emt 00:00:07]} 23. Ra1 {[%clk 00:34:03]} {[%emt 00:02:13]} a5
{[%clk 01:08:02]} {[%emt 00:00:31]} 24. Ra2 {[%clk 00:31:50]} {[%emt 00:02:42]}
Ra6 {[%clk 01:07:04]} {[%emt 00:01:29]} 25. Rfa1 {[%clk 00:30:34]} {[%emt
00:01:46]} Rca8 {[%clk 01:06:38]} {[%emt 00:00:57]} 26. Kf2 {[%clk 00:28:38]}
{[%emt 00:02:25]} Bf8 {[%clk 01:06:53]} {[%emt 00:00:15]} 27. Ke2 {[%clk
00:27:11]} {[%emt 00:01:56]} a4 {[%clk 01:06:40]} {[%emt 00:00:44]} 28. bxa4
{[%clk 00:26:52]} {[%emt 00:00:49]} Rxa4 {[%clk 01:07:03]} {[%emt 00:00:07]}
29. Rxa4 {[%clk 00:26:06]} {[%emt 00:01:16]} Rxa4 {[%clk 01:07:31]} {[%emt
00:00:02]} 30. Rxa4 {[%clk 00:25:40]} {[%emt 00:00:56]} Bxa4 {[%clk 01:07:59]}
{[%emt 00:00:02]} 31. b3 {[%clk 00:25:20]} {[%emt 00:00:49]} Bd7 {[%clk
01:08:25]} {[%emt 00:00:05]} 32. b4 {[%clk 00:22:54]} {[%emt 00:02:56]} Ba4
{[%clk 01:08:37]} {[%emt 00:00:18]} 1/2-1/2

[Event "DEM U12 2023"]
[Site "Willingen GER"]
[Date "2023.06.02"]
[Round "8"]
[White "Mohylnyi, Stepan"]
[Black "Buchinger, Alexis"]
[Result "0-1"]
[Termination "normal"]
[Board "3"]
[WhiteElo "2073"]
[BlackElo "1943"]
[WhiteClock "00:29:12"]
[BlackClock "00:02:36"]
[PlyCount "74"]
[WhiteFideId "34127836"]
[BlackFideId "16287134"]
[EventCountry "GER"]
[EventRounds "9"]
[EventType "swiss"]
[EventDate "2023.05.27"]

1. e4 {[%clk 01:30:54]} {[%emt 00:00:06]} e5 {[%clk 01:30:56]} {[%emt
00:00:04]} 2. Nf3 {[%clk 01:31:19]} {[%emt 00:00:06]} Nc6 {[%clk 01:31:20]}
{[%emt 00:00:06]} 3. d4 {[%clk 01:31:41]} {[%emt 00:00:07]} exd4 {[%clk
01:31:45]} {[%emt 00:00:06]} 4. Nxd4 {[%clk 01:32:06]} {[%emt 00:00:04]} Bc5
{[%clk 01:32:02]} {[%emt 00:00:13]} 5. Nb3 {[%clk 01:32:32]} {[%emt 00:00:04]}
Bb6 {[%clk 01:30:54]} {[%emt 00:01:39]} 6. a4 {[%clk 01:32:54]} {[%emt
00:00:07]} a6 {[%clk 01:26:37]} {[%emt 00:04:47]} 7. Nc3 {[%clk 01:32:27]}
{[%emt 00:00:56]} Qf6 {[%clk 01:19:45]} {[%emt 00:07:22]} 8. Qe2 {[%clk
01:27:46]} {[%emt 00:05:12]} Nge7 {[%clk 01:13:07]} {[%emt 00:07:08]} 9. Be3
{[%clk 01:24:40]} {[%emt 00:03:36]} Bxe3 {[%clk 01:03:28]} {[%emt 00:10:08]}
10. Qxe3 {[%clk 01:24:52]} {[%emt 00:00:19]} d6 {[%clk 01:03:30]} {[%emt
00:00:28]} 11. O-O-O {[%clk 01:20:22]} {[%emt 00:04:59]} Bd7 {[%clk 00:58:33]}
{[%emt 00:05:27]} 12. f4 {[%clk 01:17:51]} {[%emt 00:03:02]} O-O-O {[%clk
00:56:08]} {[%emt 00:02:56]} 13. Nd5 {[%clk 01:17:59]} {[%emt 00:00:22]} Nxd5
{[%clk 00:52:07]} {[%emt 00:04:30]} 14. exd5 {[%clk 01:18:09]} {[%emt
00:00:20]} Rde8 {[%clk 00:47:57]} {[%emt 00:04:40]} 15. Qf2 {[%clk 01:15:14]}
{[%emt 00:03:25]} Nb8 {[%clk 00:45:39]} {[%emt 00:02:48]} 16. Rd4 {[%clk
01:08:01]} {[%emt 00:07:43]} Qe7 {[%clk 00:44:32]} {[%emt 00:01:36]} 17. Bd3
{[%clk 01:04:07]} {[%emt 00:04:24]} Qe3+ {[%clk 00:44:46]} {[%emt 00:00:16]}
18. Qxe3 {[%clk 01:04:34]} {[%emt 00:00:05]} Rxe3 {[%clk 00:45:07]} {[%emt
00:00:09]} 19. Kd2 {[%clk 01:04:58]} {[%emt 00:00:06]} Rhe8 {[%clk 00:44:08]}
{[%emt 00:01:28]} 20. f5 {[%clk 01:04:31]} {[%emt 00:00:58]} R3e5 {[%clk
00:34:46]} {[%emt 00:09:50]} 21. Rf1 {[%clk 01:04:48]} {[%emt 00:00:14]} Kd8
{[%clk 00:34:01]} {[%emt 00:01:16]} 22. Na5 {[%clk 01:03:31]} {[%emt 00:01:46]}
b5 {[%clk 00:30:01]} {[%emt 00:04:30]} 23. axb5 {[%clk 01:03:07]} {[%emt
00:00:55]} axb5 {[%clk 00:28:07]} {[%emt 00:02:24]} 24. c4 {[%clk 01:03:07]}
{[%emt 00:00:29]} b4 {[%clk 00:26:14]} {[%emt 00:02:23]} 25. Rh4 {[%clk
01:00:21]} {[%emt 00:03:16]} Rh8 {[%clk 00:22:25]} {[%emt 00:04:19]} 26. Nb3
{[%clk 00:59:42]} {[%emt 00:01:09]} Ke7 {[%clk 00:14:14]} {[%emt 00:08:40]} 27.
Nd4 {[%clk 00:59:44]} {[%emt 00:00:28]} Kf6 {[%clk 00:13:37]} {[%emt 00:01:07]}
28. Nf3 {[%clk 00:59:01]} {[%emt 00:01:13]} Ree8 {[%clk 00:13:40]} {[%emt
00:00:27]} 29. g4 {[%clk 00:59:12]} {[%emt 00:00:20]} h6 {[%clk 00:13:26]}
{[%emt 00:00:44]} 30. Rh5 {[%clk 00:55:27]} {[%emt 00:04:15]} Na6 {[%clk
00:12:24]} {[%emt 00:01:32]} 31. h4 {[%clk 00:54:59]} {[%emt 00:00:57]} Nc5
{[%clk 00:07:18]} {[%emt 00:05:37]} 32. g5+ {[%clk 00:54:04]} {[%emt 00:01:26]}
hxg5 {[%clk 00:07:11]} {[%emt 00:00:37]} 33. hxg5+ {[%clk 00:54:26]} {[%emt
00:00:08]} Ke7 {[%clk 00:07:38]} {[%emt 00:00:03]} 34. f6+ {[%clk 00:52:55]}
{[%emt 00:02:00]} Kd8 {[%clk 00:03:01]} {[%emt 00:05:07]} 35. Rxh8 {[%clk
00:38:47]} {[%emt 00:14:38]} Rxh8 {[%clk 00:03:28]} {[%emt 00:00:03]} 36. Ra1
{[%clk 00:35:57]} {[%emt 00:03:20]} Nb3+ {[%clk 00:02:12]} {[%emt 00:01:45]}
37. Ke3 {[%clk 00:29:12]} {[%emt 00:07:15]} Nxa1 {[%clk 00:02:36]} {[%emt
00:00:07]} 0-1

[Event "DEM U12 2023"]
[Site "Willingen GER"]
[Date "2023.06.02"]
[Round "8"]
[White "Ratushnyi, Viktor"]
[Black "Vartanian, Roman"]
[Result "1-0"]
[Termination "normal"]
[Board "6"]
[WhiteElo "1627"]
[BlackElo "1619"]
[WhiteClock "00:07:04"]
[BlackClock "00:07:34"]
[PlyCount "67"]
[WhiteFideId "34167293"]
[BlackFideId "34140107"]
[EventCountry "GER"]
[EventRounds "9"]
[EventType "swiss"]
[EventDate "2023.05.27"]

1. e4 {[%clk 01:30:57]} {[%emt 00:00:03]} c5 {[%clk 01:30:56]} {[%emt
00:00:05]} 2. Nf3 {[%clk 01:31:23]} {[%emt 00:00:04]} d6 {[%clk 01:31:13]}
{[%emt 00:00:13]} 3. d4 {[%clk 01:31:49]} {[%emt 00:00:04]} cxd4 {[%clk
01:31:38]} {[%emt 00:00:05]} 4. Nxd4 {[%clk 01:32:17]} {[%emt 00:00:02]} Nf6
{[%clk 01:32:01]} {[%emt 00:00:07]} 5. Nc3 {[%clk 01:32:43]} {[%emt 00:00:04]}
a6 {[%clk 01:32:28]} {[%emt 00:00:04]} 6. h3 {[%clk 01:33:00]} {[%emt
00:00:11]} e6 {[%clk 01:32:49]} {[%emt 00:00:10]} 7. g4 {[%clk 01:33:02]}
{[%emt 00:00:28]} h6 {[%clk 01:32:52]} {[%emt 00:00:27]} 8. Bg2 {[%clk
01:32:51]} {[%emt 00:00:41]} Nbd7 {[%clk 01:33:10]} {[%emt 00:00:12]} 9. O-O
{[%clk 01:17:26]} {[%emt 00:15:55]} Be7 {[%clk 01:33:01]} {[%emt 00:00:39]} 10.
Be3 {[%clk 01:12:28]} {[%emt 00:05:27]} Qc7 {[%clk 01:32:15]} {[%emt 00:01:17]}
11. f4 {[%clk 01:03:14]} {[%emt 00:09:43]} Nh7 {[%clk 01:18:07]} {[%emt
00:14:38]} 12. a4 {[%clk 00:51:34]} {[%emt 00:12:11]} Rb8 {[%clk 01:18:24]}
{[%emt 00:00:13]} 13. Qe1 {[%clk 00:46:44]} {[%emt 00:05:19]} b6 {[%clk
01:16:07]} {[%emt 00:02:48]} 14. h4 {[%clk 00:45:41]} {[%emt 00:01:33]} Bb7
{[%clk 01:14:52]} {[%emt 00:01:45]} 15. g5 {[%clk 00:43:53]} {[%emt 00:02:17]}
Nhf8 {[%clk 01:03:22]} {[%emt 00:12:00]} 16. Qg3 {[%clk 00:37:48]} {[%emt
00:06:34]} hxg5 {[%clk 01:01:59]} {[%emt 00:01:55]} 17. hxg5 {[%clk 00:37:15]}
{[%emt 00:01:03]} Qc4 {[%clk 00:52:26]} {[%emt 00:10:02]} 18. Rae1 {[%clk
00:30:03]} {[%emt 00:07:42]} Kd8 {[%clk 00:48:58]} {[%emt 00:03:58]} 19. Nb3
{[%clk 00:19:22]} {[%emt 00:11:11]} Nc5 {[%clk 00:44:44]} {[%emt 00:04:44]} 20.
Bxc5 {[%clk 00:16:42]} {[%emt 00:03:09]} bxc5 {[%clk 00:42:49]} {[%emt
00:02:27]} 21. f5 {[%clk 00:16:32]} {[%emt 00:00:40]} Kd7 {[%clk 00:34:33]}
{[%emt 00:08:43]} 22. Rd1 {[%clk 00:15:14]} {[%emt 00:01:50]} exf5 {[%clk
00:22:20]} {[%emt 00:12:43]} 23. Rxf5 {[%clk 00:15:18]} {[%emt 00:00:27]} Ne6
{[%clk 00:16:31]} {[%emt 00:06:19]} 24. Rxf7 {[%clk 00:13:48]} {[%emt
00:02:00]} Nd4 {[%clk 00:13:20]} {[%emt 00:03:41]} 25. Rxg7 {[%clk 00:13:41]}
{[%emt 00:00:37]} Ke8 {[%clk 00:12:48]} {[%emt 00:01:01]} 26. Nxd4 {[%clk
00:07:29]} {[%emt 00:06:42]} cxd4 {[%clk 00:12:59]} {[%emt 00:00:20]} 27. Nd5
{[%clk 00:07:54]} {[%emt 00:00:05]} Bxd5 {[%clk 00:12:15]} {[%emt 00:01:14]}
28. exd5 {[%clk 00:08:11]} {[%emt 00:00:14]} Rb7 {[%clk 00:06:44]} {[%emt
00:06:00]} 29. Re1 {[%clk 00:05:59]} {[%emt 00:02:42]} Rd7 {[%clk 00:06:56]}
{[%emt 00:00:17]} 30. Bh3 {[%clk 00:06:03]} {[%emt 00:00:27]} Rb7 {[%clk
00:06:25]} {[%emt 00:01:00]} 31. Qxd6 {[%clk 00:06:09]} {[%emt 00:00:25]} Qc7
{[%clk 00:06:46]} {[%emt 00:00:08]} 32. Rexe7+ {[%clk 00:06:18]} {[%emt
00:00:22]} Qxe7 {[%clk 00:07:08]} {[%emt 00:00:08]} 33. Rxe7+ {[%clk 00:06:42]}
{[%emt 00:00:05]} Rxe7 {[%clk 00:07:34]} {[%emt 00:00:04]} 34. Qb8+ {[%clk
00:07:04]} {[%emt 00:00:08]} 1-0

[Event "DEM U12 2023"]
[Site "Willingen GER"]
[Date "2023.06.02"]
[Round "8"]
[White "Krüger, Moritz"]
[Black "Vranckx, Oscar"]
[Result "1-0"]
[Termination "normal"]
[Board "7"]
[WhiteElo "1582"]
[BlackElo "1733"]
[WhiteClock "01:15:37"]
[BlackClock "01:19:36"]
[PlyCount "115"]
[WhiteFideId "34608923"]
[BlackFideId "34608788"]
[EventCountry "GER"]
[EventRounds "9"]
[EventType "swiss"]
[EventDate "2023.05.27"]

1. d4 {[%clk 01:30:40]} {[%emt 00:00:19]} d5 {[%clk 01:30:52]} {[%emt
00:00:10]} 2. c4 {[%clk 01:30:58]} {[%emt 00:00:11]} e6 {[%clk 01:31:16]}
{[%emt 00:00:06]} 3. Nc3 {[%clk 01:31:20]} {[%emt 00:00:08]} c5 {[%clk
01:31:41]} {[%emt 00:00:06]} 4. cxd5 {[%clk 01:31:43]} {[%emt 00:00:08]} cxd4
{[%clk 01:32:06]} {[%emt 00:00:05]} 5. Qa4+ {[%clk 01:31:58]} {[%emt 00:00:13]}
Bd7 {[%clk 01:32:31]} {[%emt 00:00:06]} 6. Qxd4 {[%clk 01:32:18]} {[%emt
00:00:09]} exd5 {[%clk 01:32:57]} {[%emt 00:00:05]} 7. Qxd5 {[%clk 01:32:37]}
{[%emt 00:00:10]} Nf6 {[%clk 01:33:21]} {[%emt 00:00:06]} 8. Qb3 {[%clk
01:32:52]} {[%emt 00:00:15]} Na6 {[%clk 01:33:44]} {[%emt 00:00:07]} 9. Bg5
{[%clk 01:32:34]} {[%emt 00:00:47]} Nc5 {[%clk 01:28:54]} {[%emt 00:05:22]} 10.
Qc2 {[%clk 01:32:10]} {[%emt 00:00:52]} Rc8 {[%clk 01:28:45]} {[%emt 00:00:41]}
11. Nf3 {[%clk 01:30:28]} {[%emt 00:02:09]} h6 {[%clk 01:27:07]} {[%emt
00:02:11]} 12. Bd2 {[%clk 01:30:15]} {[%emt 00:00:41]} Nce4 {[%clk 01:23:14]}
{[%emt 00:04:24]} 13. e3 {[%clk 01:30:18]} {[%emt 00:00:27]} Bf5 {[%clk
01:21:20]} {[%emt 00:02:25]} 14. Qa4+ {[%clk 01:28:49]} {[%emt 00:01:57]} Bd7
{[%clk 01:21:02]} {[%emt 00:00:50]} 15. Bb5 {[%clk 01:28:53]} {[%emt 00:00:25]}
Nc5 {[%clk 01:20:59]} {[%emt 00:00:34]} 16. Bxd7+ {[%clk 01:29:08]} {[%emt
00:00:14]} Nfxd7 {[%clk 01:21:21]} {[%emt 00:00:09]} 17. Qc2 {[%clk 01:29:03]}
{[%emt 00:00:35]} Nf6 {[%clk 01:19:53]} {[%emt 00:01:57]} 18. O-O {[%clk
01:29:09]} {[%emt 00:00:24]} Bd6 {[%clk 01:20:02]} {[%emt 00:00:22]} 19. Rfd1
{[%clk 01:28:26]} {[%emt 00:01:09]} O-O {[%clk 01:20:10]} {[%emt 00:00:26]} 20.
Rac1 {[%clk 01:28:30]} {[%emt 00:00:25]} Nd3 {[%clk 01:20:16]} {[%emt
00:00:25]} 21. Rb1 {[%clk 01:28:39]} {[%emt 00:00:21]} Ng4 {[%clk 01:19:19]}
{[%emt 00:01:26]} 22. Be1 {[%clk 01:28:38]} {[%emt 00:00:26]} Nxe1 {[%clk
01:19:11]} {[%emt 00:00:44]} 23. Rxe1 {[%clk 01:28:55]} {[%emt 00:00:11]} Qf6
{[%clk 01:18:53]} {[%emt 00:00:50]} 24. h3 {[%clk 01:29:03]} {[%emt 00:00:21]}
Ne5 {[%clk 01:19:17]} {[%emt 00:00:07]} 25. Qe4 {[%clk 01:21:59]} {[%emt
00:07:31]} Rc4 {[%clk 01:15:39]} {[%emt 00:04:11]} 26. Qxb7 {[%clk 01:20:34]}
{[%emt 00:01:53]} Rb8 {[%clk 01:15:41]} {[%emt 00:00:30]} 27. Qd5 {[%clk
01:20:46]} {[%emt 00:00:14]} Rc5 {[%clk 01:15:40]} {[%emt 00:00:35]} 28. Qd1
{[%clk 01:20:54]} {[%emt 00:00:18]} Nxf3+ {[%clk 01:15:50]} {[%emt 00:00:24]}
29. Qxf3 {[%clk 01:21:11]} {[%emt 00:00:12]} Rf5 {[%clk 01:16:05]} {[%emt
00:00:15]} 30. Qe2 {[%clk 01:20:58]} {[%emt 00:00:41]} Qe5 {[%clk 01:15:10]}
{[%emt 00:01:28]} 31. f4 {[%clk 01:15:21]} {[%emt 00:06:04]} Qe7 {[%clk
01:15:22]} {[%emt 00:00:18]} 32. e4 {[%clk 01:14:37]} {[%emt 00:01:15]} Rxf4
{[%clk 01:14:26]} {[%emt 00:01:27]} 33. Nd5 {[%clk 01:14:49]} {[%emt 00:00:17]}
Qe5 {[%clk 01:14:51]} {[%emt 00:00:07]} 34. Nxf4 {[%clk 01:15:09]} {[%emt
00:00:10]} Qxf4 {[%clk 01:15:16]} {[%emt 00:00:05]} 35. Qf3 {[%clk 01:14:40]}
{[%emt 00:00:55]} Qh2+ {[%clk 01:15:10]} {[%emt 00:00:39]} 36. Kf1 {[%clk
01:11:57]} {[%emt 00:03:12]} Bg3 {[%clk 01:15:32]} {[%emt 00:00:10]} 37. Red1
{[%clk 01:11:49]} {[%emt 00:00:35]} Rb6 {[%clk 01:15:09]} {[%emt 00:00:56]} 38.
Ke2 {[%clk 01:12:00]} {[%emt 00:00:16]} Rf6 {[%clk 01:15:34]} {[%emt 00:00:07]}
39. Rh1 {[%clk 01:11:34]} {[%emt 00:00:55]} Rxf3 {[%clk 01:15:43]} {[%emt
00:00:22]} 40. Kxf3 {[%clk 01:11:51]} {[%emt 00:00:13]} Qxh1 {[%clk 01:15:57]}
{[%emt 00:00:16]} 41. Rxh1 {[%clk 01:12:13]} {[%emt 00:00:07]} Be5 {[%clk
01:16:25]} {[%emt 00:00:03]} 42. b4 {[%clk 01:12:36]} {[%emt 00:00:08]} Kf8
{[%clk 01:16:50]} {[%emt 00:00:04]} 43. Rd1 {[%clk 01:12:54]} {[%emt 00:00:11]}
Ke7 {[%clk 01:17:16]} {[%emt 00:00:05]} 44. Ke3 {[%clk 01:13:05]} {[%emt
00:00:17]} Bc3 {[%clk 01:17:31]} {[%emt 00:00:17]} 45. b5 {[%clk 01:13:27]}
{[%emt 00:00:09]} Ke6 {[%clk 01:17:46]} {[%emt 00:00:15]} 46. a4 {[%clk
01:13:44]} {[%emt 00:00:13]} g6 {[%clk 01:18:07]} {[%emt 00:00:09]} 47. g4
{[%clk 01:13:39]} {[%emt 00:00:33]} Ke5 {[%clk 01:18:22]} {[%emt 00:00:16]} 48.
Rd5+ {[%clk 01:14:02]} {[%emt 00:00:07]} Ke6 {[%clk 01:18:46]} {[%emt
00:00:06]} 49. Rc5 {[%clk 01:13:55]} {[%emt 00:00:37]} Ba5 {[%clk 01:18:45]}
{[%emt 00:00:31]} 50. Kd4 {[%clk 01:13:58]} {[%emt 00:00:24]} Bb6 {[%clk
01:17:54]} {[%emt 00:01:24]} 51. Kc4 {[%clk 01:14:22]} {[%emt 00:00:07]} Kd6
{[%clk 01:18:09]} {[%emt 00:00:14]} 52. Rc6+ {[%clk 01:14:33]} {[%emt
00:00:19]} Ke5 {[%clk 01:18:26]} {[%emt 00:00:14]} 53. Rxb6 {[%clk 01:14:12]}
{[%emt 00:00:51]} axb6 {[%clk 01:18:50]} {[%emt 00:00:06]} 54. Kb4 {[%clk
01:14:22]} {[%emt 00:00:20]} Kd6 {[%clk 01:18:36]} {[%emt 00:00:43]} 55. a5
{[%clk 01:14:43]} {[%emt 00:00:10]} bxa5+ {[%clk 01:19:00]} {[%emt 00:00:06]}
56. Kxa5 {[%clk 01:15:08]} {[%emt 00:00:05]} Kc7 {[%clk 01:19:26]} {[%emt
00:00:04]} 57. Ka6 {[%clk 01:15:14]} {[%emt 00:00:24]} h5 {[%clk 01:19:36]}
{[%emt 00:00:19]} 58. Ka7 {[%clk 01:15:37]} {[%emt 00:00:07]} 1-0